Statistiques concernant Paroles : Le Rire du sergent - Michel Sardou

Cliquez ici pour prendre le quiz!

Statistiques générales

  • Ce quiz a été pris 304 fois
  • Le résultat moyen est 227 sur 265

Statistiques - réponses

Réponse% Correct
du
100%
Le
100%
rire
100%
sergent
100%
99%
La
99%
la
99%
de
98%
des
97%
régiment
97%
a
95%
A
95%
à
95%
Capitaine
94%
Un
94%
un
94%
m'a
93%
ma
93%
que
93%
folle
92%
je
92%
Je
92%
ne
91%
En
90%
préférée
90%
Dragons
89%
me
89%
ce
88%
matin
88%
moi
88%
pas
88%
mai
87%
pour
87%
suis
87%
Il
85%
il
85%
j'ai
85%
J'ai
85%
mois
85%
fait
84%
beau
83%
entendu
83%
les
83%
mon
83%
Mon
83%
printemps
83%
comment
82%
connaissais
82%
galon
82%
sais
82%
gagner
81%
comprendre
80%
moment
80%
avec
79%
Avec
79%
dit
79%
mère
79%
pourquoi
79%
Sans
79%
chantant
78%
ils
78%
Ils
78%
quand
78%
type
78%
arrivé
77%
chansons
77%
cour
77%
balayer
76%
d'amour
76%
Mais
76%
m'avait
76%
quelques
76%
main
75%
simplement
75%
variété
75%
artiste
74%
demandé
74%
métier
74%
m'ont
74%
troubadour
73%
nom
72%
tout
70%
bon
68%
derrière
68%
fier
68%
beignets
67%
coeur
67%
dix
66%
huit
65%
j'étais
65%
avait
64%
Juste
64%
nu
64%
vous
64%
devant
63%
faits
62%
infirmier
60%
peux
60%
y
60%
chanter
58%
toujours
58%
aider
56%
Depuis
56%
chez
55%
déjà
53%
présenté
53%
voyais
53%
temps
52%
Moyennant
51%
retournant
51%
sacs
50%
fleur
47%

Distribution des résultats

Percentile par nombre de réponses

% des personnes avec chaque résultat

Votre développement - résultats

Vous n’avez pas pris ce quiz